Schaums outlines theory and problemes of fourier analysis with applications to boundary value problems (Record no. 225295)

MARC details
000 -LEADER
fixed length control field 01857nam a22002897a 4500
005 - DATE AND TIME OF LATEST TRANSACTION
control field 20221124160834.0
008 - FIXED-LENGTH DATA ELEMENTS--GENERAL INFORMATION
fixed length control field 221124b ||||| |||| 00| 0 eng d
020 ## - INTERNATIONAL STANDARD BOOK NUMBER
International Standard Book Number 978-0070602199
040 ## - CATALOGING SOURCE
Transcribing agency AL
041 ## - LANGUAGE CODE
Language code of text/sound track or separate title eng
082 ## - DEWEY DECIMAL CLASSIFICATION NUMBER
Edition number 23
Classification number 515.2433
Item number SPIS
100 ## - MAIN ENTRY--PERSONAL NAME
Personal name Murray R Spiegel
100 ## - MAIN ENTRY--PERSONAL NAME
9 (RLIN) 63690
245 ## - TITLE STATEMENT
Title Schaums outlines theory and problemes of fourier analysis with applications to boundary value problems
260 ## - PUBLICATION, DISTRIBUTION, ETC.
Place of publication, distribution, etc. New Delhi
Name of publisher, distributor, etc. Tata McGraw Hill Education Private Limited
Date of publication, distribution, etc. 2011
300 ## - PHYSICAL DESCRIPTION
Extent vi,191p.
Other physical details PB
Dimensions 27x20cm.
365 ## - TRADE PRICE
Source of price type code Mathematics
Price type code 6033
Price amount 1559.00
Currency code
Unit of pricing 1949.00
Price note 20%
Price effective from 22-11-2022
440 ## - SERIES STATEMENT/ADDED ENTRY--TITLE
Title Schaums outlines
9 (RLIN) 63519
520 ## - SUMMARY, ETC.
Summary, etc. Confusing Textbooks? Missed Lectures? Not Enough Time?Fortunately for you, there's Schaum's Outlines. More than 40 million students have trusted Schaum's to help them succeed in the classroom and on exams. Schaum's is the key to faster learning and higher grades in every subject. Each Outline presents all the essential course information in an easy-to-follow, topic-by-topic format. You also get hundreds of examples, solved problems, and practice exercises to test your skills. This Schaum's Outline gives youPractice problems with full explanations that reinforce knowledgeCoverage of the most up-to-date developments in your course fieldIn-depth review of practices and applicationsFully compatible with your classroom text, Schaum's highlights all the important facts you need to know. Use Schaum's to shorten your study time-and get your best test scores!Schaum's Outlines-Problem Solved.
650 ## - SUBJECT ADDED ENTRY--TOPICAL TERM
Topical term or geographic name entry element Boundary Value Problems
9 (RLIN) 63520
650 ## - SUBJECT ADDED ENTRY--TOPICAL TERM
Topical term or geographic name entry element Orthogonal Functions
9 (RLIN) 63521
650 ## - SUBJECT ADDED ENTRY--TOPICAL TERM
Topical term or geographic name entry element Gamma Beta
9 (RLIN) 63522
650 ## - SUBJECT ADDED ENTRY--TOPICAL TERM
Topical term or geographic name entry element Bessel Functions
9 (RLIN) 63523
650 ## - SUBJECT ADDED ENTRY--TOPICAL TERM
Topical term or geographic name entry element Legendre Functions
9 (RLIN) 63524
650 ## - SUBJECT ADDED ENTRY--TOPICAL TERM
Topical term or geographic name entry element Hermite Laguerre
9 (RLIN) 63525
700 ## - ADDED ENTRY--PERSONAL NAME
Personal name SPIEGEL (Murray R)
9 (RLIN) 63526
942 ## - ADDED ENTRY ELEMENTS (KOHA)
Source of classification or shelving scheme Dewey Decimal Classification
Koha item type Book
Holdings
Withdrawn status Lost status Source of classification or shelving scheme Damaged status Not for loan Collection code Home library Current library Date acquired Source of acquisition Cost, normal purchase price Total Checkouts Full call number Barcode Date last seen Date last checked out Cost, replacement price Price effective from Koha item type
    Dewey Decimal Classification     Mathematics St Aloysius Library St Aloysius Library 11/23/2022 Biblios Book Point Surathkal Mangalore 575014 1559.00 2 515.2433 SPIS 076249 11/03/2023 06/13/2023 1949.00 11/24/2022 Book